000
00281nam a22001337a 4500
008
170714b xxu||||| |||| 00| 0 eng d
020
_a
0801494869
041
_a
eng
080
_a
101
100
_a
24
101
_a
FJA
245
_a
PRIMAL SCENES
_c
LUKACHER,N
942
_2
udc
_c
BK
999
_c
20730
_d
20730